Catálogo
 En Linea

Loma Miranda, mi casa, mi cuna / (Registro nro. 44300)

Detalles MARC
000 -CABECERA
campo de control de longitud fija 00529nam a2200157 a 4500
001 - NÚMERO DE CONTROL
campo de control 000044811
005 - FECHA Y HORA DE LA ÚLTIMA TRANSACCIÓN
campo de control 20201002045639.0
008 - DATOS DE LONGITUD FIJA--INFORMACIÓN GENERAL
campo de control de longitud fija 150113s2014 dr ab 000 0 spa d
040 ## - FUENTE DE LA CATALOGACIÓN
Centro catalogador/agencia de origen DO-SdBNP
Lengua de catalogación spa
Centro/agencia transcriptor BNPHU
082 ## - NÚMERO DE LA CLASIFICACIÓN DECIMAL DEWEY
Número de clasificación xxxxxxx
Número de documento/Ítem xxxxxxx
100 1# - ENTRADA PRINCIPAL--NOMBRE DE PERSONA
Nombre de persona Fernández, María Faustina
9 (RLIN) 72837
245 10 - MENCIÓN DE TÍTULO
Título Loma Miranda, mi casa, mi cuna /
Mención de responsabilidad, etc. María Faustina Fernández.
260 ## - PUBLICACIÓN, DISTRIBUCIÓN, ETC.
Lugar de publicación, distribución, etc. Santo Domingo :
Nombre del editor, distribuidor, etc. s. n.,
Fecha de publicación, distribución, etc. 2014.
300 ## - DESCRIPCIÓN FÍSICA
Extensión 121 p. :
Otras características físicas il., map. ;
Dimensiones 22 cm.
300 ## - DESCRIPCIÓN FÍSICA
Extensión Incluye datos biográficos de la autora en la contracubierta.
Existencias
Estado de retiro Estado de pérdida Restricciones de uso No para préstamo Código de colección Localización permanente Ubicación/localización actual Ubicación en estantería Fecha de adquisición Número de inventario Total de préstamos Signatura topográfica completa Código de barras Fecha visto por última vez Precio válido a partir de Tipo de ítem Koha Número de copia
        Patrimonio Dominicano General General Depósito 13.01.2015 LF1   xxxxxxx xxxxxxx 44811-30 25.06.2020 25.06.2020 Libro y Folleto Colección Patrimonio Dominicano  
      Excluido de préstamo Patrimonio Dominicano Patrimonio Dominicano Patrimonio Dominicano Depósito 13.01.2015 LF1   xxxxxxx xxxxxxx 44811-10 25.06.2020 25.06.2020 Libro y Folleto Colección Patrimonio Dominicano  
      Excluido de préstamo Patrimonio Dominicano Patrimonio Dominicano Patrimonio Dominicano Depósito 13.01.2015 LF1   xxxxxxx xxxxxxx 44811-20 25.06.2020 25.06.2020 Libro y Folleto Colección Patrimonio Dominicano e. 2

Con tecnología Koha